00000000nam 2200000za 4500
0019.675870
003CaOODSP
00520250509160247
007cr |||||||||||
008150407|2012||||xxc|||||o    f|0| 0 spa d
020 |a978-0-662-03734-7
040 |aCaOODSP|bfre
043 |an-cn---
0861 |aT29-45/1-2011Spa-PDF|zT29-45/1-2011Sp-PDF
1101 |aCanada. |bTransports Canada.
24510|aPrincipaux ports de marchandises diverses de la Porte canadienne de l'Atlantique |h[ressource électronique]
2461 |aSu solución de transporte eficiente, confiable y segura
250 |a[Édition espagnol].
260 |aOttawa - Ontario : |bTransports Canada |cc2011.
300 |a6p.|bcarte, photographies
546 |aTexte en espagnol.
590 |a13-22-Supp|b2013-09-26
791 |tKey breakbulk ports of Canada's Atlantic Gateway |eeng|w(CaOODSP)9.675869
85640|ahttp://publications.gc.ca|qPDF|s2.72 Mo|uhttps://publications.gc.ca/collections/collection_2013/tc/T29-45-1-2011-spa.pdf
986 |aTP 15164T